Statistics for World War II- Quiz

Click here to take the quiz!

General Stats

  • This quiz has been taken 42 times
  • The average score is 9 of 15

Answer Stats

HintAnswer% Correct
Which country was invaded by Germany in 1939 as the beginning of WWII?Poland
100%
What are suicide attacks from Japan also called?Kamikaze
88%
Who did the Soviet Union fight in a Winter War in nov 1939?Finland
83%
Which country had the most deaths of WWII?Soviet Union
80%
What is the leader of Italy called during WWII?Mussolini
78%
What is the operation of the allies on 6 june 1944 in France called?D-Day
73%
What is the army of the Soviet Union also called?Red army
73%
What is the leader of Japan called during WWII?Hirohito
63%
Who was the leader of France during the beginning of WWII?Charles de Gaulle
50%
In Which country where USA and Uk groups going through to go to China?Burma
40%
Which island was settled by Canada, USA en Uk during World War II to protect it from Germany invasion?Iceland
40%
How much km was Germany off from Russians capitals Moscow?20
38%
Which city in the Netherlands did Germany completely destroyed in around 3 days?Rotterdam
38%
In which country were the highest precent of jews killed as a percent of their total population?Netherlands
18%
Which Asian country did send around 5000 troops to protect there country from Japanese Attacks?Mongolia
15%

Score Distribution

Percentile by Number Answered

Percent of People with Each Score

Your Score History

You have not taken this quiz